Responsabilidad por incumplimiento contractual
Saved in:
| Main Authors: | , , |
|---|---|
| Format: | Bog |
| Sprog: | spansk |
| Udgivet: |
Buenos Aires
Hammurabi
1993
|
| Udgivelse: | 2a. ed |
| Serier: | Responsabilidad Civil, 13
|
| Fag: | |
| Tags: |
Tilføj Tag
Ingen Tags, Vær først til at tagge denne postø!
|
MARC
| LEADER | 00000cam a2200000 a 4500 | ||
|---|---|---|---|
| 001 | UCC4378 | ||
| 003 | CL-VaPUC | ||
| 008 | 180727e19930000ag |||||||||||||||||spa|d | ||
| 020 | |a 9507410295 | ||
| 082 | 0 | 4 | |a 346.02 |b AGO |2 21 |
| 100 | 0 | |a Agoglia, María Martha |e author |9 598625 | |
| 700 | 0 | |a Boragina, Juan Carlos |e author |9 598626 | |
| 700 | 0 | |a Meza, Jorge Alfredo |e author |9 598627 | |
| 245 | 1 | 0 | |a Responsabilidad por incumplimiento contractual |
| 250 | |a 2a. ed | ||
| 300 | |a 320 p | ||
| 942 | |c BK | ||
| 945 | |d 20180727 12:54:00 |a dcastane | ||
| 260 | |a Buenos Aires |b Hammurabi |c 1993 | ||
| 650 | 0 | |a Responsabilidad contractual |9 256720 | |
| 650 | 0 | |a Contratos |9 255153 | |
| 650 | 0 | |a Incumplimiento de contratos |9 400512 | |
| 583 | |a last modification |c 20180727 12:54:00 |k Rodrigo Vera | ||
| 490 | 0 | |a Responsabilidad Civil, 13 | |
| 999 | |c 371930 |d 371928 | ||
| 952 | |0 0 |1 0 |3 erb |4 0 |6 346_020000000000000_AGO_1993 |7 0 |8 A |9 489147 |a BIBDER |b BIBDER |e Mateluna Arestizabal, Alfredo Sergio |i 548524K |l 1 |o 346.02 AGO 1993 |p 548524K |r 2024-05-30 |s 2024-05-23 |w 2019-11-24 |y BK |z Catalogado en:20180727 |k DER | ||